000 01061nam a22002177a 4500
001 85347
003 BD-RjUL
005 20250729100441.0
008 250729s1950 pak||||| |||| 00| 0 urd d
035 _a(BD-RjUL)85347
040 _aBD-RjUL
_beng
_cBD-RjUL
041 _aurd
082 _223
_a891.43909
100 _a کيفى، برجموہن دتاتريہ، ;; Kaifī., Brijmohan Dittātriyah
_q1955-1866
_916310
245 1 0 _aکيفىہ : اردو زبان کى مختصر تارىخ اور اس کى انشا اور املا وغىرہ کے متعلق ہر قسم کى ضرورى اور اہم امور سے بحث / Kaifiyah : Urdū zabān kī muk̲h̲taṣar tārīk̲h̲ aur us kī inshā aur imlā vag̲h̲airah ke mutaʻalliq har qism ke ẓurūrī aur ahamm umūr se baḥs̲ /
_c:برجموہن دتاترىہ کيفى,;; Brijmohan Dittātriyah Kaifī.
260 _a Lāhaur :
_bMaktubah i Maainul adab ,
_c1950
300 _a374 p. ;
_c18 cm
650 _aUrdu language
_v History
_94425
650 _aUrdu philology
_914123
942 _2ddc
_cBK
999 _c85347
_d85347